The Thistle and the drone (Record no. 325407)
[ view plain ]
| 000 -LEADER | |
|---|---|
| fixed length control field | 00387 a2200133 4500 |
| 001 - CONTROL NUMBER | |
| control field | 90334 |
| 082 ## - DEWEY DECIMAL CLASSIFICATION NUMBER | |
| Classification number | 823.914 AKB |
| 090 ## - LOCALLY ASSIGNED LC-TYPE CALL NUMBER (OCLC); LOCAL CALL NUMBER (RLIN) | |
| -- | 42654 |
| -- | 42654 |
| 100 ## - MAIN ENTRY--PERSONAL NAME | |
| Personal name | Akbar Ahmed |
| 245 ## - TITLE STATEMENT | |
| Title | The Thistle and the drone |
| Statement of responsibility, etc. | How America's was on terror became a Global was on Tribal Islam |
| 260 ## - PUBLICATION, DISTRIBUTION, ETC. | |
| Place of publication, distribution, etc. | India |
| Name of publisher, distributor, etc. | Harper Collins Publishers |
| Date of publication, distribution, etc. | 2013 |
| 300 ## - PHYSICAL DESCRIPTION | |
| Extent | 425p. |
| 500 ## - GENERAL NOTE | |
| General note | General Collection |
| 942 ## - ADDED ENTRY ELEMENTS (KOHA) | |
| Institution code [OBSOLETE] | CAE NUST |
| Call number prefix | 823.914 AKB` |
| Withdrawn status | Lost status | Damaged status | Not for loan | Collection code | Permanent Location | Current Location | Date acquired | Total Checkouts | Full call number | Barcode | Date last seen | Price effective from | Koha item type |
|---|---|---|---|---|---|---|---|---|---|---|---|---|---|
| College of Aeronautical Engineering (CAE) | College of Aeronautical Engineering (CAE) | 04/03/2017 | 823.914 AKB` | CAE87879 | 04/05/2017 | 04/05/2017 | Book |
